Mari kita berpantun (2)
| Main Author: | |
|---|---|
| Format: | Book |
| Published: |
Kuala Lumpur :
Dewan Bahasa Dan Pustaka ,
1992
|
| Subjects: |
MARC
| LEADER | 00000cam a2200000 7i4500 | ||
|---|---|---|---|
| 001 | 0000007144 | ||
| 002 | 000007687 | ||
| 005 | 20011210.0 | ||
| 020 | |a 9836223673 | ||
| 090 | 0 | 0 | |a 899.231 |b ZAN |
| 100 | 0 | |a Zanariah Mohd Dahalan | |
| 245 | 1 | 0 | |a Mari kita berpantun (2) |c Zanariah Mohd Dahalan |
| 260 | |a Kuala Lumpur : |b Dewan Bahasa Dan Pustaka , |c 1992 | ||
| 300 | |a 18p. : |b ill ; |c 17cm. | ||
| 650 | 0 | 0 | |a Children's poetry |
| 999 | |a 025752 |b BUKU |c PINJAMAN |e PERPUSTAKAAN KOMUNITI PETALING JAYA | ||
| 999 | |a 054245 |b BUKU |c JUNIOR BOOKS |e PERPUSTAKAAN KOMUNITI CAW KOTA DAMANSARA | ||